header

Role reversal (Record no. 67797)

MARC details
000 -LEADER
fixed length control field 01401nam a2200349 a 4500
082 04 - DEWEY DECIMAL CLASSIFICATION NUMBER
Classification number 371.117
100 1# - MAIN ENTRY--AUTHOR NAME
Personal name Barnes, Mark.
245 10 - TITLE STATEMENT
Title Role reversal
260 ## - PUBLICATION, DISTRIBUTION, ETC. (IMPRINT)
Place of publication Alexandria, Va. :
Name of publisher ASCD,
Year of publication c2013.
300 ## - PHYSICAL DESCRIPTION
Number of Pages xii, 176 p. :
Other physical details port.
650 #0 - SUBJECT ADDED ENTRY--TOPICAL TERM
Topical Term Classroom management
Topical Term Teaching
Topical Term Teacher-student relationships
Topical Term Educational tests and measurements
856 40 - ELECTRONIC LOCATION AND ACCESS
Uniform Resource Identifier http://site.ebrary.com/lib/rucke/Doc?id=10660539

No items available.

© 2026 Rongo University
Contact us: librarian | system librarian | Rongo university